| 000 | 01955nam a2200433 a 4500 | ||
|---|---|---|---|
| 001 | ebr10495485 | ||
| 003 | CaPaEBR | ||
| 006 | m u | ||
| 007 | cr cn||||||||| | ||
| 008 | 110425s2011 ilu sb 001 0aeng d | ||
| 010 | _z 2011016723 | ||
| 020 | _z9781556528187 | ||
| 020 | _z9781569769379 (e-book) | ||
| 040 |
_aCaPaEBR _cCaPaEBR |
||
| 035 | _a(OCoLC)752299633 | ||
| 043 |
_an-us--- _af-sa--- |
||
| 050 | 1 | 4 |
_aTD140.C65 _bA3 2011eb |
| 082 | 0 | 4 |
_a363.7092 _aB _223 |
| 100 | 1 | _aColeman-Adebayo, Marsha. | |
| 245 | 1 | 0 |
_aNo fear _h[electronic resource] : _ba whistleblower's triumph over corruption and retaliation at the EPA / _cMarsha Coleman-Adebayo ; foreword by Noam Chomsky ; afterword by Walter Fauntroy. |
| 260 |
_aChicago, Ill. : _bLawrence Hill Books, _c2011. |
||
| 300 | _axxv, 454 p. | ||
| 504 | _aIncludes bibliographical references and index. | ||
| 533 |
_aElectronic reproduction. _bPalo Alto, Calif. : _cebrary, _d2013. _nAvailable via World Wide Web. _nAccess may be limited to ebrary affiliated libraries. |
||
| 600 | 1 | 0 | _aColeman-Adebayo, Marsha. |
| 610 | 1 | 0 |
_aUnited States. _bEnvironmental Protection Agency _xOfficials and employees _vBiography. |
| 610 | 1 | 0 |
_aUnited States. _bEnvironmental Protection Agency _vTrials, litigation, etc. |
| 610 | 1 | 0 |
_aUnited States. _tNotification and Federal Employee Antidiscrimination and Retaliation Act of 2002. |
| 650 | 0 |
_aPolitical scientists _zUnited States _vBiography. |
|
| 650 | 0 |
_aAfrican American political scientists _vBiography. |
|
| 650 | 0 |
_aWhistle blowing _zUnited States. |
|
| 650 | 0 |
_aVanadium industry _xCorrupt practices _zSouth Africa. |
|
| 650 | 0 | _aSocial responsibility of business. | |
| 655 | 7 |
_aElectronic books. _2local |
|
| 700 | 1 | _aChomsky, Noam. | |
| 700 | 1 | _aFauntroy, Walter. | |
| 710 | 2 | _aebrary, Inc. | |
| 856 | 4 | 0 |
_uhttp://site.ebrary.com/lib/rucke/Doc?id=10495485 _zAn electronic book accessible through the World Wide Web; click to view |
| 999 |
_c130623 _d130623 |
||